Central Library OPAC University of Rajshahi

Digital image processing and analysis / (Record no. 412)

MARC details
000 -LEADER
fixed length control field 01048cam a22003014a 4500
001 - CONTROL NUMBER
control field 412
003 - CONTROL NUMBER IDENTIFIER
rucl marc code BD-RjUL
005 - DATE AND TIME OF LATEST TRANSACTION
control field 20211208233156.0
008 - FIXED-LENGTH DATA ELEMENTS--GENERAL INFORMATION
fixed length control field 100512s2005 ii abdjg 00| 0 eng d
020 ## - INTERNATIONAL STANDARD BOOK NUMBER
International Standard Book Number 8120316185
035 ## - SYSTEM CONTROL NUMBER
System control number (BD-RjUL)429
040 ## - CATALOGING SOURCE
Original cataloging agency DLC
Transcribing agency DLC
Language of cataloging eng
Modifying agency BD-RjUL
041 ## - LANGUAGE CODE
Language code of text/sound track or separate title eng
082 00 - DEWEY DECIMAL CLASSIFICATION NUMBER
Classification number 006.37
Edition number 22
Author mark and year CHD 2005
100 1# - MAIN ENTRY--PERSONAL NAME
Personal name Chanda, Bhabatosh
9 (RLIN) 1280
245 10 - TITLE STATEMENT
Title Digital image processing and analysis /
Statement of responsibility, etc. Bhabatosh Chanda, Dwijesh Dutta Majumder.
260 ## - PUBLICATION, DISTRIBUTION, ETC. (IMPRINT)
Place of publication, distribution, etc. New Delhi:
Name of publisher, distributor, etc. Prentice Hall of India,
Date of publication, distribution, etc. c2000 [Reprinted 2005].
300 ## - PHYSICAL DESCRIPTION
Pagination ix, 357 p. :
Illustrations ill.;
Size 23 cm.
500 ## - GENERAL NOTE
General note Rev. ed. of: Computer vision and image processing / Scott E. Umbaugh. 1998.
504 ## - BIBLIOGRAPHY, ETC. NOTE
Bibliography, etc Includes bibliographical references and index.
650 #0 - SUBJECT ADDED ENTRY--TOPICAL TERM
Topical term or geographic name as entry element Computer vision.
9 (RLIN) 1281
Topical term or geographic name as entry element Image processing
General subdivision Digital techniques.
9 (RLIN) 1282
Topical term or geographic name as entry element Image analysis.
9 (RLIN) 1283
700 1# - ADDED ENTRY--PERSONAL NAME
Personal name Majumder, Dwijesh Dutta.
942 ## - ADDED ENTRY ELEMENTS (KOHA)
Source of classification or shelving scheme Dewey Decimal Classification
Koha item type Books
Holdings
Lost status Source of classification or shelving scheme Damaged status Not for loan Collection code Permanent Location Current Location Shelving location Date acquired Source of acquisition Cost, normal purchase price Total Checkouts Full call number Date last seen Copy number Koha item type
  Dewey Decimal Classification     Non-fiction Central Library, University of Rajshahi Central Library, University of Rajshahi   21/05/2006 Parahon Enter Prise Ltd 250.00   006.37 CHD 2005 18/11/2013 C-3 Books
  Dewey Decimal Classification     Non-fiction Central Library, University of Rajshahi Central Library, University of Rajshahi   21/05/2006 Dhaka,Paragon Enterprise Lit., 250.00   006.37 CHD 2005 05/11/2016 C-2 Books
  Dewey Decimal Classification   Not For Loan Non-fiction Central Library, University of Rajshahi Central Library, University of Rajshahi Reading Room 21/05/2006 Paragon Enterprises Dhaka 250.00   006.37 CHD 2005 14/03/2017 C-1 Books